Score 0/10 Timer 00:30
2 Plays Today
% Correct
Pablo Picasso
95.9%
Salvador Dali
94.3%
Jackson Pollock
92.7%
Edgar Degas
90.7%
Paul Gauguin
85.9%
Peter Paul Rubens
84%
Johannes Vermeer
83.3%
Sandro Botticelli
72.9%
Albrecht Dürer
70.4%
Wassily Kandinsky
67.3%

Today's Daily Dose

Remove Ads.
Support Sporcle.
Get the best of Sporcle when you Go Orange. This ad-free experience offers more features, more stats, and more fun while also helping to support Sporcle. Thank you for becoming a member.

You're not logged in!

Compare scores with friends on all Sporcle quizzes.
OR
Log In

Show Comments

Extras

Top Quizzes Today


Score Distribution

Your Account Isn't Verified!

In order to create a playlist on Sporcle, you need to verify the email address you used during registration. Go to your Sporcle Settings to finish the process.

Report this User

Report this user for behavior that violates our Community Guidelines.

Details: